00305 a2200109 4500001000700000020000600007040001100013100003900024240006400063245005900127362000900186167909 a  cMagnum aGallardo, Jorge Sergio Perez (Org)10aEducacao fisica: contribuicoes a formacao profissionallpor10aEducacao fisica: contribuicoes a formacao profissional0 a1899